| 000 | 02249cam a22003977a 4500 | ||
|---|---|---|---|
| 999 |
_c7471 _d7471 |
||
| 001 | 13735546 | ||
| 003 | OSt | ||
| 005 | 20211115095252.0 | ||
| 008 | 031211s2003 sz a b i001 0 eng d | ||
| 010 | _a 2004456823 | ||
| 020 | _a924156248X | ||
| 035 | _a(OCoLC)ocm53886797 | ||
| 040 |
_aEUW _cEUW _dNTE _dCOU _dOCLCQ _dCUY _dOCLCQ _dDLC |
||
| 042 | _alccopycat | ||
| 050 | 0 | 0 |
_aRA793 _b.C582 2003 |
| 082 | 0 | 0 |
_a551.6CLI 2003 _222 |
| 090 | _a551.6CLI 2003 | ||
| 245 | 0 | 0 |
_aClimate change and human health : _brisks and responses / _ceditors, A.J. McMichael ... [et al.]. |
| 260 |
_aGeneva : _bWorld Health Organization, _c2003. |
||
| 300 |
_axi, 322 p. : _bill. ; _c26 cm. |
||
| 504 | _aIncludes bibliographical references and index. | ||
| 505 | 0 | _aCh. 1. Global climate change and health: an old story writ large -- Ch. 2. Weather and climate: changing human exposures -- Ch. 3. International consensus on the science of climate and health: the IPCC third assessment report -- Ch. 4. Looking to the future: challenges for scientists studying climate change and health -- Ch. 5. Impacts on health of climate extremes -- Ch. 6. Climate change and infectious diseases -- Ch. 7. How much disease could climate change cause? -- Ch. 8. Stratospheric ozone depletion, ultraviolet radiation and health -- Ch. 9. National assessments of health impacts of climate change: a review -- Ch. 10. Monitoring the health effects of climate change -- Ch. 11. Adaptation and adaptive capacity in the public health context -- Ch. 12. From science to policy: developing responses to climate change -- Ch. 13. Conclusions and recommendations for action. | |
| 650 | 0 |
_aClimatic changes _xHealth aspects. _915300 |
|
| 650 | 0 |
_aMedical climatology. _915301 |
|
| 650 | 2 |
_aClimate. _915302 |
|
| 650 | 2 |
_aGreenhouse Effect. _915303 |
|
| 650 | 2 |
_aNatural Disasters. _915304 |
|
| 650 | 2 |
_aDisease Transmission. _915305 |
|
| 650 | 2 |
_aUltraviolet Rays. _915306 |
|
| 650 | 2 |
_aRisk Assessment. _99891 |
|
| 700 | 1 |
_aMcMichael, A. J. _q(Anthony J.) _915307 |
|
| 710 | 2 |
_aWorld Health Organization. _91808 |
|
| 906 |
_a7 _bcbc _ccopycat _d3 _encip _f20 _gy-gencatlg |
||
| 942 |
_2lcc _cO_SHELF |
||